00619nam a2200229Ia 4500008004100000020002200041050001800063050001400081100002300095245006000118245004300178250001600221260001500237260002300252260000900275300001600284300001600300300001200316500002000328650002100348650002000369160216s9999 xx 000 0 und d a978-0-07-110766-2 aComSc QA 76.9 b.B46 2007 aBentley, Lonnie D. aSystems analysis and design for the global enterprise / cLonnie D. Bentley, Jeffrey L. Whitten. a7th Edition aNew York : bMcGraw-Hill/Irwin. c2007 a747 pages : bcol. ill. ; c28 cm.  aIncludes index. aSystem analysis. aSystem design.